00544nam a2200217Ia 4500008004000000020001800040041000800058082001500066100002300081245004900104250000500153260005900158300001500217650001300232650001500245650001800260650001000278650000700288650000600295700002500301210210b2011 xxu||||| |||| 00| 0 eng d a9788132106470 aeng a658.3 HARI aHARZING (Anne-Wil) aInternational human resource management Ed 3 a aNew DelhibSage Publications India Pvt. Limited.c2011 axxviii,641 aresource amanagement aInternational ahuman aEd a3 aPINNINGTON (Ashly H)